| 000 | 00738nam a2200253Ia 4500 | ||
|---|---|---|---|
| 003 | OSt | ||
| 005 | 20220927105427.0 | ||
| 006 | a|||||r|||| 00| 0 | ||
| 007 | ta | ||
| 008 | 220926b |||||||| |||| 00| 0 eng d | ||
| 024 | _a184699 | ||
| 037 | _cReference Collections | ||
| 040 |
_aRTL _cRTL _beng |
||
| 041 |
_2eng _aeng |
||
| 082 | _a"V2,32p.N85, M5.7-3/GD" | ||
| 110 |
_a"INDIA, LOK SABHA" _9372369 |
||
| 245 | 0 |
_aLok Sabha debates (English version) _b 3rd session. |
|
| 260 |
_aNew _bDelhi Lok Sabha secretariat _c1985 |
||
| 300 |
_a"iii,336p." _ccm. |
||
| 490 | _vVol.7-3 | ||
| 700 |
_a"INDIA, LOK SABHA" _9372370 |
||
| 942 |
_h"V2,32p.N85, M5.7-3/GD" _cCC |
||
| 999 |
_c692457 _d692457 |
||